Вихретоковый измеритель толщины электропроводящей пластины; Ресурсоэффективные системы в управлении и контроле: взгляд в будущее

Bibliografiske detaljer
Parent link:Ресурсоэффективные системы в управлении и контроле: взгляд в будущее.— 2019.— [С. 59-60]
Hovedforfatter: Омарова Д. М.
Institution som forfatter: Национальный исследовательский Томский политехнический университет Инженерная школа неразрушающего контроля и безопасности Отделение контроля и диагностики
Andre forfattere: Гольдштейн А. Е. Александр Ефремович (научный руководитель)
Summary:Заглавие с экрана
Sprog:russisk
Udgivet: 2019
Serier:Современные технологии в неразрушающем контроле
Fag:
Online adgang:http://earchive.tpu.ru/handle/11683/57160
Format: MixedMaterials Electronisk Book Chapter
KOHA link:https://koha.lib.tpu.ru/cgi-bin/koha/opac-detail.pl?biblionumber=630659

MARC

LEADER 00000naa2a2200000 4500
001 630659
005 20231101133625.0
035 |a (RuTPU)RU\TPU\conf\31938 
035 |a RU\TPU\conf\31929 
090 |a 630659 
100 |a 20191219d2019 k y0rusy50 ca 
101 0 |a rus 
102 |a RU 
105 |a y z 101zy 
135 |a drgn ---uucaa 
181 0 |a i  
182 0 |a b 
200 1 |a Вихретоковый измеритель толщины электропроводящей пластины  |f Д. М. Омарова  |g науч. рук. А. Е. Гольдштейн 
203 |a Текст  |c электронный 
225 1 |a Современные технологии в неразрушающем контроле 
230 |a 1 компьютерный файл (pdf; 693 Кб) 
300 |a Заглавие с экрана 
320 |a [Библиогр.: с. 60 (4 назв.)] 
463 0 |0 (RuTPU)RU\TPU\conf\31847  |t Ресурсоэффективные системы в управлении и контроле: взгляд в будущее  |o сборник научных трудов VIII Международной конференции школьников, студентов, аспирантов, молодых ученых, 7 -12 октября 2019 г., г. Томск  |f Национальный исследовательский Томский политехнический университет (ТПУ)  |v [С. 59-60]  |d 2019 
610 1 |a электронный ресурс 
610 1 |a труды учёных ТПУ 
610 1 |a вихретоковые измерители 
610 1 |a измерители 
610 1 |a толщина 
610 1 |a электропроводящие пластины 
610 1 |a толщиномеры 
610 1 |a вихревые токи 
610 1 |a измерительные преобразователи 
700 1 |a Омарова  |b Д. М. 
702 1 |a Гольдштейн  |b А. Е.  |c специалист в области неразрушающего контроля  |c профессор Томского политехнического университета, доктор технических наук  |f 1954-  |g Александр Ефремович  |2 stltpush  |4 727 
712 0 2 |a Национальный исследовательский Томский политехнический университет  |b Инженерная школа неразрушающего контроля и безопасности  |b Отделение контроля и диагностики  |h 7978  |2 stltpush  |3 (RuTPU)RU\TPU\col\23584 
801 2 |a RU  |b 63413507  |c 20191223  |g RCR 
856 4 |u http://earchive.tpu.ru/handle/11683/57160 
942 |c BK